[Event "Odense IM-B"]
[Site "Odense"]
[Date "2022.10.14"]
[Round "5"]
[White "Matthiesen, Martin"]
[Black "Thogersen, Rasmus"]
[Result "0-1"]
[WhiteElo "2328"]
[BlackElo "2323"]
[PlyCount "202"]
[EventDate "2022.10.14"]
[EventType "tourn"]
[EventRounds "5"]
[EventCountry "DEN"]
[EventCategory "3"]
[SourceTitle "CBM 210 Extra"]
[Source "ChessBase"]
[SourceDate "2022.11.30"]
[SourceVersion "1"]
[SourceVersionDate "2022.11.30"]
[SourceQuality "1"]

1. c4 c5 2. Nf3 Nf6 3. Nc3 d5 4. cxd5 Nxd5 5. d4 Nxc3 6. bxc3 g6 7. e4 Bg7 8. Be3 Qa5 9. Qd2 0-0 10. Rc1 Bg4 11. d5 b5 12. Be2 Bxf3 13. Bxf3 Nd7 14. 0-0 c4 15. Bd4 Rfd8 16. Bxg7 Kxg7 17. Qd4+ f6 18. a4 a6 19. axb5 axb5 20. Rb1 Ra6 21. Rb4 Rb8 22. Rfb1 Qc7 23. Be2 Rab6 24. g3 Nc5 25. Qe3 e5 26. dxe6 Rxe6 27. Rxb5 Rxe4 28. Qf3 Rbe8 29. Bxc4 Rxc4 30. Rb7 Nxb7 31. Rxb7 Re7 32. Rxc7 Rexc7 33. Qd5 Rxc3 34. Qd6 R3c6 35. Qd5 Rc2 36. Qd6 Rb7 37. Qe6 Rd2 38. h4 h5 39. Kg2 Rd4 40. Kg1 Rbd7 41. Kg2 R4d6 42. Qc4 Re7 43. Qc5 Rde6 44. Qb4 Re4 45. Qd6 R4e6 46. Qb4 Re5 47. Qd6 Ra7 48. Qb6 Rf7 49. Qd6 Ree7 50. Kg1 Re8 51. Kg2 f5 52. Qd4+ Kh7 53. Qd5 Ree7 54. Qd6 Re8 55. Qd5 Ref8 56. Kh3 f4 57. g4 hxg4+ 58. Kxg4 Rf5 59. Qd6 f3 60. Qc7+ R8f7 61. Qd6 Kh6 62. Qd2+ Kh7 63. Qd6 Ra7 64. Qd4 Re7 65. Qc3 Re4+ 66. Kg3 Re7 67. Kg4 Rd7 68. Qb3 Rc7 69. Qe6 Ra7 70. Qd6 Rff7 71. Qe6 Ra4+ 72. Kg3 Raf4 73. Qe5 R4f5 74. Qe6 g5 75. hxg5 Rxg5+ 76. Kh4 Rgf5 77. Kg4 R5f6 78. Qe4+ Kg8 79. Qe8+ Rf8 80. Qe5 Kf7 81. Qd5+ Ke7 82. Qb7+ Kd6 83. Qb6+ Kd5 84. Qb5+ Kd4 85. Qb4+ Kd3 86. Qe7 R6f7 87. Qe3+ Kc2 88. Qg5 Kd1 89. Kg3 Rd7 90. Qe5 Rff7 91. Qa1+ Ke2 92. Qa6+ Ke1 93. Qe6+ Kd2 94. Qa2+ Kd3 95. Qb3+ Kd4 96. Qe6 Rg7+ 97. Kh4 Kd3 98. Qe3+ Kc2 99. Qxf3 Rh7+ 100. Kg5 Rdg7+ 101. Kf6 Rf7+ 0-1

[Event "Aarhus-chA"]
[Site "Aarhus"]
[Date "2022.02.11"]
[Round "3"]
[White "Thogersen, Rasmus"]
[Black "Olsen, Filip Boe"]
[Result "0-1"]
[WhiteElo "2323"]
[BlackElo "2386"]
[PlyCount "66"]
[EventDate "2022.02.10"]
[EventType "tourn"]
[EventRounds "5"]
[EventCountry "DEN"]
[SourceTitle "EXT 2024"]
[Source "ChessBase"]
[SourceDate "2023.10.10"]
[SourceVersion "1"]
[SourceVersionDate "2023.10.10"]
[SourceQuality "1"]

1. e4 c6 2. d4 d5 3. e5 Bf5 4. Nf3 e6 5. Be2 Bb4+ 6. c3 Ba5 7. 0-0 h6 8. Be3 Nd7 9. Nbd2 Bc7 10. Ne1 Ne7 11. f4 0-0 12. g4 Bh7 13. Bd3 Bxd3 14. Nxd3 f6 15. exf6 Rxf6 16. Qe2 Ng6 17. Rf2 Qe7 18. Kh1 Raf8 19. Raf1 R6f7 20. b3 Qh4 21. f5 exf5 22. gxf5 Ne7 23. Bf4 Bxf4 24. Rxf4 Qh3 25. f6 Nxf6 26. R4f3 Qh5 27. Qe6 Ng6 28. Rf5 Qh4 29. Ne5 Nxe5 30. dxe5 Ng4 31. Nf3 Qh3 32. Re1 Nf2+ 33. Kg1 Qxf5 0-1

[Event "DEN-chT 2122 59th"]
[Site "Denmark"]
[Date "2021.10.31"]
[Round "2.3"]
[White "Thogersen, Rasmus"]
[Black "Hansen, Sune Berg"]
[Result "0-1"]
[WhiteElo "2278"]
[BlackElo "2528"]
[PlyCount "78"]
[EventDate "2021.10.30"]
[EventType "team-tourn"]
[EventRounds "9"]
[EventCountry "DEN"]
[SourceTitle "CBM 204 Extra"]
[Source "ChessBase"]
[SourceDate "2021.11.30"]
[SourceVersion "1"]
[SourceVersionDate "2021.11.30"]
[SourceQuality "1"]
[WhiteTeam "Copenhagen 68"]
[BlackTeam "Hillerod"]
[WhiteTeamCountry "DEN"]
[BlackTeamCountry "DEN"]

1. e4 c5 2. Nf3 Nc6 3. d4 cxd4 4. Nxd4 Nf6 5. Nc3 e5 6. Ndb5 d6 7. Bg5 a6 8. Na3 b5 9. Nd5 Be7 10. Bxf6 Bxf6 11. c3 Bg5 12. Nc2 Ne7 13. Nxe7 Qxe7 14. Be2 0-0 15. 0-0 Bb7 16. Qd3 f5 17. exf5 d5 18. a4 bxa4 19. Rxa4 Kh8 20. Rfa1 Rad8 21. Qh3 Bc8 22. Bg4 Rf6 23. Ra5 Bb7 24. Nb4 Rh6 25. Qd3 d4 26. Qc4 e4 27. cxd4 Bf4 28. g3 e3 29. f3 e2 30. Nc2 Rc6 31. Rc5 Rxc5 32. Qxc5 Be3+ 33. Kg2 Qxc5 34. dxc5 Rd2 35. Ne1 Rd1 36. Ra3 Bxc5 37. Rb3 Rxe1 38. Rxb7 Rg1+ 39. Kh3 Bf8 0-1

[Event "Copenhagen CC IM"]
[Site "Ballerup"]
[Date "2021.08.08"]
[Round "9"]
[White "Kistrup, Nicolai"]
[Black "Thogersen, Rasmus"]
[Result "0-1"]
[WhiteElo "2250"]
[BlackElo "2283"]
[PlyCount "56"]
[EventDate "2021.08.04"]
[EventType "tourn"]
[EventRounds "9"]
[EventCountry "DEN"]
[EventCategory "2"]
[SourceTitle "CBM 203 Extra"]
[Source "ChessBase"]
[SourceDate "2021.09.30"]
[SourceVersion "1"]
[SourceVersionDate "2021.09.30"]
[SourceQuality "1"]

1. d4 Nf6 2. c4 g6 3. Nc3 Bg7 4. e4 0-0 5. Be2 d6 6. Be3 Na6 7. Qd2 e5 8. d5 Nc5 9. Bf3 a5 10. h4 h5 11. Nh3 Ng4 12. Bxc5 dxc5 13. g3 Bh6 14. Qe2 Nf6 15. Kd1 a4 16. Kc2 c6 17. Bg2 cxd5 18. cxd5 Bd7 19. Nb5 Qa5 20. Na3 b5 21. Rad1 c4 22. Kb1 Rfc8 23. Ng5 c3 24. Rc1 b4 25. Nc2 cxb2 26. Rcd1 a3 27. Rd2 b3 28. Ne3 Qc3 0-1

[Event "Paleochora op 14th"]
[Site "Paleochora"]
[Date "2021.07.30"]
[Round "9"]
[White "Thogersen, Rasmus"]
[Black "Haldorsen, Benjamin"]
[Result "0-1"]
[WhiteElo "2283"]
[BlackElo "2477"]
[PlyCount "62"]
[EventDate "2021.07.23"]
[EventType "swiss"]
[EventRounds "9"]
[EventCountry "GRE"]
[SourceTitle "EXT 2022"]
[Source "ChessBase"]
[SourceDate "2021.10.06"]
[SourceVersion "1"]
[SourceVersionDate "2021.10.06"]
[SourceQuality "1"]

1. e4 c5 2. Nc3 Nc6 3. Nf3 d6 4. g3 g6 5. Bg2 Bg7 6. 0-0 Rb8 7. h3 b5 8. d3 b4 9. Ne2 Nf6 10. Be3 0-0 11. Qc1 a5 12. Nh4 Ba6 13. Bh6 c4 14. Bxg7 Kxg7 15. d4 e5 16. c3 Nd7 17. Rd1 Qf6 18. f4 exd4 19. cxd4 c3 20. e5 dxe5 21. dxe5 Ndxe5 22. Nxc3 bxc3 23. Qxc3 Rxb2 24. fxe5 Nxe5 25. Kh1 Ng4 26. Qxf6+ Nxf6 27. Rd6 Bc4 28. Rc1 Be6 29. Rc7 Rc8 30. Ra7 Rc1+ 31. Kh2 Bd5 0-1

[Event "DEN Club Cup"]
[Site "Koge"]
[Date "2021.06.27"]
[Round "4.2"]
[White "Vasli, Aref"]
[Black "Thogersen, Rasmus"]
[Result "1-0"]
[WhiteElo "2384"]
[BlackElo "2300"]
[PlyCount "57"]
[EventDate "2021.06.25"]
[EventType "team-tourn"]
[EventRounds "5"]
[EventCountry "DEN"]
[SourceTitle "EXT 2023"]
[Source "ChessBase"]
[SourceDate "2022.10.05"]
[SourceVersion "1"]
[SourceVersionDate "2022.10.05"]
[SourceQuality "1"]
[WhiteTeam "Bronshoj"]
[BlackTeam "Copenhagen 68"]
[WhiteTeamCountry "DEN"]
[BlackTeamCountry "DEN"]

1. Nf3 Nf6 2. g3 g6 3. Bg2 Bg7 4. 0-0 0-0 5. c4 c5 6. Nc3 d5 7. cxd5 Nxd5 8. Qb3 Nb4 9. d3 N8c6 10. Be3 Na6 11. Ne4 b6 12. Rac1 Bb7 13. Nxc5 Na5 14. Qb5 bxc5 15. Bd2 Rb8 16. Bxa5 Qd6 17. Qa4 Bc6 18. Qc4 Bd5 19. Qh4 Rxb2 20. e4 Rxa2 21. Bd2 Bc6 22. d4 Bxd4 23. Rfd1 Ba4 24. e5 Qb6 25. Qh6 f6 26. Nxd4 cxd4 27. Bd5+ e6 28. exf6 Rxf6 29. Rc8+ 1-0

[Event "Aarhus Festuge-A"]
[Site "Aarhus"]
[Date "2020.09.13"]
[Round "4"]
[White "Thogersen, Rasmus"]
[Black "Ramsdal, Jens Albert"]
[Result "0-1"]
[WhiteElo "2313"]
[BlackElo "2249"]
[PlyCount "132"]
[EventDate "2020.09.11"]
[EventType "swiss"]
[EventRounds "5"]
[EventCountry "DEN"]
[SourceTitle "EXT 2022"]
[Source "ChessBase"]
[SourceDate "2021.10.06"]
[SourceVersion "1"]
[SourceVersionDate "2021.10.06"]
[SourceQuality "1"]

1. e4 c5 2. Nc3 a6 3. Nge2 e6 4. g3 Nc6 5. Bg2 Nge7 6. 0-0 d6 7. Re1 Nd4 8. Nxd4 cxd4 9. Ne2 e5 10. d3 Nc6 11. c3 Be7 12. cxd4 exd4 13. Bd2 0-0 14. b4 Bg4 15. Qb3 Be6 16. Qb2 Bf6 17. Nf4 Qd7 18. Nxe6 Qxe6 19. f4 Qd7 20. h4 h6 21. Kh2 g5 22. hxg5 hxg5 23. fxg5 Be5 24. Bh3 Qe7 25. Kg2 Kg7 26. Bf5 Rh8 27. Rh1 Qc7 28. Rac1 Qb6 29. Qb1 Ne7 30. Bg4 Rag8 31. Qb3 d5 32. Bf3 Qd6 33. b5 Bxg3 34. Bb4 Qe5 35. Bxe7 Qxe7 36. Qxd5 Be5 37. Kf2 Rxh1 38. Rxh1 Rc8 39. Rh5 Rc5 40. Qb3 Qc7 41. bxa6 Bg3+ 42. Kg2 Rc2+ 43. Kh1 bxa6 44. e5 Bxe5 45. Be4 Rc1+ 46. Kg2 Bh2 47. Rh7+ Kg8 48. Qxf7+ Qxf7 49. Rxf7 Kxf7 50. Kxh2 Rc5 51. g6+ Kf6 52. Kg3 Ra5 53. Kf3 Rxa2 54. Bd5 Rh2 55. g7 Kxg7 56. Ke4 Rh4+ 57. Ke5 Kf8 58. Kd6 Ke8 59. Kc5 Kd7 60. Bc4 a5 61. Bd5 a4 62. Bc6+ Ke6 63. Bxa4 Ke5 64. Bb5 Rh1 65. Ba6 Rc1+ 66. Bc4 Rc3 0-1

[Event "DEN-chT 1920 58th"]
[Site "Denmark"]
[Date "2020.09.06"]
[Round "9.4"]
[White "Vasli, Aref"]
[Black "Thogersen, Rasmus"]
[Result "1-0"]
[WhiteElo "2397"]
[BlackElo "2248"]
[PlyCount "147"]
[EventDate "2019.11.23"]
[EventType "team-tourn"]
[EventRounds "9"]
[EventCountry "DEN"]
[SourceTitle "EXT 2021"]
[Source "ChessBase"]
[SourceDate "2020.10.23"]
[SourceVersion "1"]
[SourceVersionDate "2020.10.23"]
[SourceQuality "1"]
[WhiteTeam "Bronshoj"]
[BlackTeam "Jetsmark"]
[WhiteTeamCountry "DEN"]
[BlackTeamCountry "DEN"]

1. e4 e6 2. d4 d5 3. Nc3 Nf6 4. Bg5 dxe4 5. Nxe4 Be7 6. Bxf6 gxf6 7. Qd2 f5 8. Nc3 a6 9. 0-0-0 b5 10. Nf3 Bb7 11. Kb1 b4 12. Ne2 Nd7 13. Nf4 Bxf3 14. gxf3 Bg5 15. h4 Bxf4 16. Qxf4 Nb6 17. Qe5 Rg8 18. Bxa6 Ke7 19. Bd3 Qd6 20. Qxd6+ cxd6 21. d5 Ra5 22. dxe6 fxe6 23. Rhg1 Rga8 24. Rg7+ Kf6 25. Rb7 Rxa2 26. Kc1 Nd5 27. Bc4 Ra1+ 28. Kd2 Rxd1+ 29. Kxd1 Ne7 30. Rb6 d5 31. Bb5 Ra7 32. h5 Nc8 33. Rb8 Nd6 34. Be2 Rb7 35. Rd8 Nf7 36. Rg8 Nh6 37. Re8 f4 38. Bd3 Ke5 39. Rf8 Rg7 40. Ke2 Nf7 41. Rb8 Rg2 42. Bxh7 Ng5 43. Rg8 Kf6 44. Rg6+ Kf5 45. Bg8 Rh2 46. Rh6 Ke5 47. Kf1 Kd4 48. Bxe6 Nxf3 49. Rh8 Ng5 50. Bf5 f3 51. Kg1 Rg2+ 52. Kf1 Ke5 53. Bg6 Nh3 54. Re8+ Kd4 55. c3+ bxc3 56. bxc3+ Kc5 57. Ke1 Rxf2 58. Re3 d4 59. cxd4+ Kxd4 60. Re4+ Kd5 61. Rh4 Re2+ 62. Kf1 Rf2+ 63. Ke1 Re2+ 64. Kd1 Nf2+ 65. Kc1 Ng4 66. Bd3 Ne5 67. Bxe2 fxe2 68. Rh1 Nd3+ 69. Kb1 Nf2 70. Re1 Ne4 71. h6 Nf6 72. Rxe2 Kd6 73. Rh2 Nh7 74. Rg2 1-0

[Event "DEN-chT 1920 58th"]
[Site "Denmark"]
[Date "2019.11.24"]
[Round "2.3"]
[White "Thogersen, Rasmus"]
[Black "Sengupta, Deep"]
[Result "0-1"]
[WhiteElo "2248"]
[BlackElo "2557"]
[PlyCount "60"]
[EventDate "2019.11.23"]
[EventType "team-tourn"]
[EventRounds "9"]
[EventCountry "DEN"]
[SourceTitle "CBM 193 Extra"]
[Source "ChessBase"]
[SourceDate "2020.01.31"]
[SourceVersion "1"]
[SourceVersionDate "2020.01.31"]
[SourceQuality "1"]
[WhiteTeam "Jetsmark"]
[BlackTeam "Koge Xtracon"]
[WhiteTeamCountry "DEN"]
[BlackTeamCountry "DEN"]

1. e4 c6 2. d4 d5 3. e5 Bf5 4. Nf3 e6 5. Be2 Nd7 6. 0-0 h6 7. Nbd2 Ne7 8. Nb3 g5 9. a4 Bg7 10. a5 Rc8 11. Ne1 c5 12. dxc5 a6 13. Nd4 Nxe5 14. b4 N5c6 15. Nxf5 Nxf5 16. Rb1 0-0 17. Bd3 Nfe7 18. h4 gxh4 19. Qh5 e5 20. Bxh6 e4 21. Be2 Bxh6 22. Qxh6 Nd4 23. Bg4 Rc6 24. Qxh4 f5 25. Bh5 Rh6 26. g3 Nec6 27. Qxd8 Rxd8 28. Bd1 Rd7 29. c3 Rdh7 30. f4 Rh1+ 0-1

[Event "Odense-ch B"]
[Site "Odense"]
[Date "2019.10.12"]
[Round "3"]
[White "Heimisson, Hilmir Freyr"]
[Black "Thogersen, Rasmus"]
[Result "1/2-1/2"]
[WhiteElo "2273"]
[BlackElo "2268"]
[PlyCount "127"]
[EventDate "2019.10.11"]
[EventType "tourn"]
[EventRounds "5"]
[EventCountry "DEN"]
[EventCategory "3"]
[SourceTitle "EXT 2021"]
[Source "ChessBase"]
[SourceDate "2020.10.23"]
[SourceVersion "1"]
[SourceVersionDate "2020.10.23"]
[SourceQuality "1"]

1. d4 Nf6 2. Nf3 g6 3. g3 Bg7 4. Bg2 d5 5. 0-0 0-0 6. c4 c6 7. cxd5 cxd5 8. Nc3 Ne4 9. Ne5 Nxc3 10. bxc3 Nc6 11. Nxc6 bxc6 12. Qa4 Qb6 13. Ba3 Re8 14. Bxd5 Bd7 15. Bg2 e5 16. e3 Qc7 17. Bc5 Bf8 18. Bxf8 Rxf8 19. Qa3 Rab8 20. Rab1 Rb5 21. c4 Ra5 22. Qb3 exd4 23. exd4 Qd6 24. Rfd1 Ra3 25. Qb2 Ra4 26. c5 Qc7 27. Qb7 Qc8 28. Rd2 Rd8 29. h4 Qxb7 30. Rxb7 Be8 31. Bf3 Kg7 32. Kg2 Raxd4 33. Rxd4 Rxd4 34. Rxa7 Rc4 35. Ra5 Kf6 36. a4 Bd7 37. Ra7 Ke6 38. Ra5 Ke5 39. Ra7 Ke6 40. a5 Rxc5 41. Be2 Kd6 42. Ra8 Rc2 43. Bf3 Ra2 44. Ra6 Ra3 45. Be4 Ra4 46. Bf3 Ra1 47. Be4 h6 48. h5 g5 49. g4 f6 50. f3 Rc1 51. Ra8 Ra1 52. Rh8 Rxa5 53. Rxh6 Ke5 54. Kg3 f5 55. gxf5 Bxf5 56. Bxf5 Kxf5 57. Rxc6 Ra1 58. Rc5+ Kf6 59. Rc2 Rg1+ 60. Rg2 Ra1 61. Rh2 Rg1+ 62. Rg2 Ra1 63. Kf2 Ra2+ 64. Kg3 1/2-1/2

[Event "Odense-ch B"]
[Site "Odense"]
[Date "2019.10.12"]
[Round "2"]
[White "Thogersen, Rasmus"]
[Black "Jacobsen, Mikkel Manosri"]
[Result "0-1"]
[WhiteElo "2268"]
[BlackElo "2363"]
[PlyCount "50"]
[EventDate "2019.10.11"]
[EventType "tourn"]
[EventRounds "5"]
[EventCountry "DEN"]
[EventCategory "3"]
[SourceTitle "EXT 2021"]
[Source "ChessBase"]
[SourceDate "2020.10.23"]
[SourceVersion "1"]
[SourceVersionDate "2020.10.23"]
[SourceQuality "1"]

1. e4 c6 2. d4 d5 3. e5 Bf5 4. Nf3 e6 5. Be2 Ne7 6. 0-0 Nd7 7. Nbd2 h6 8. Nb3 g5 9. a4 a5 10. Ne1 Qc7 11. f4 Bg7 12. Ra3 Bg6 13. Bh5 c5 14. dxc5 gxf4 15. Nd3 Bxh5 16. Qxh5 Ng6 17. Nd4 Ndxe5 18. Nxe6 fxe6 19. Nxe5 Qxc5+ 20. Be3 fxe3 21. Qxg6+ Kd8 22. Nd3 e2+ 23. Rf2 Qxc2 24. Rxe2 Bd4+ 25. Kf1 Qb1+ 0-1

[Event "DEN-chT 1819 57th"]
[Site "Denmark"]
[Date "2019.03.16"]
[Round "8.3"]
[White "Thogersen, Rasmus"]
[Black "Borge, Nikolaj"]
[Result "0-1"]
[WhiteElo "2277"]
[BlackElo "2385"]
[PlyCount "58"]
[EventDate "2018.10.27"]
[EventType "team-tourn"]
[EventRounds "9"]
[EventCountry "DEN"]
[SourceTitle "CBM 189 Extra"]
[Source "ChessBase"]
[SourceDate "2019.06.03"]
[SourceVersion "1"]
[SourceVersionDate "2019.06.03"]
[SourceQuality "1"]
[WhiteTeam "Jetsmark"]
[BlackTeam "Hillerod"]
[WhiteTeamCountry "DEN"]
[BlackTeamCountry "DEN"]

1. e4 c5 2. Nf3 e6 3. d4 cxd4 4. Nxd4 Nf6 5. Nc3 Nc6 6. Ndb5 Bb4 7. a3 Bxc3+ 8. Nxc3 d5 9. exd5 exd5 10. Bd3 0-0 11. 0-0 d4 12. Ne2 Bg4 13. Bg5 h6 14. Bh4 Bxe2 15. Qxe2 Re8 16. Qd2 Ne4 17. Qf4 g5 18. Qf5 Re5 19. Qf3 Nd2 20. Qh5 gxh4 21. Qxh6 Ne4 22. f4 Re6 23. Qh5 Qf6 24. Rae1 Rae8 25. Qg4+ Qg7 26. Qxh4 Nd2 27. f5 Rxe1 28. Rxe1 Nf3+ 29. Kf2 Nxe1 0-1